| 000 | 00463nam a2200181 a 4500 | ||
|---|---|---|---|
| 001 | 1770285653498 | ||
| 003 | YourLibrary | ||
| 005 | 20260205153745.0 | ||
| 008 | 260205s2017##################000#0#eng## | ||
| 020 | _a9781138102231 | ||
| 082 | 0 | 4 | _a333.3TUR |
| 100 | 1 |
_aTurvey, Ralph, _eauthor. |
|
| 245 | 1 | 0 | _aThe Economics of Real Property : |
| 260 |
_bRoutledge, _c2017. |
||
| 300 | _a162 pages | ||
| 942 | _cENGLISH | ||
| 040 |
_aYourLibrary _beng _cYourLibrary |
||
| 999 |
_c610532 _d610532 |
||